GEMS in English and American literature / (Record no. 10395)

MARC details
000 -LEADER
fixed length control field 00843nam a22002417i 4500
003 - CONTROL NUMBER IDENTIFIER
control field URS
005 - DATE AND TIME OF LATEST TRANSACTION
control field 20260212143705.0
008 - FIXED-LENGTH DATA ELEMENTS--GENERAL INFORMATION
fixed length control field 180925b xxu||||| |||| 00| 0 eng d
020 ## - INTERNATIONAL STANDARD BOOK NUMBER
International Standard Book Number 9789712723827
040 ## - CATALOGING SOURCE
Description conventions rda
Transcribing agency URS
Language of cataloging English
050 ## - LIBRARY OF CONGRESS CALL NUMBER
Classification number PN524.T7
Item number M533 2010
100 ## - MAIN ENTRY--PERSONAL NAME
Personal name Mercado, Julio F.,
Relator term author.
245 ## - TITLE STATEMENT
Title GEMS in English and American literature /
Statement of responsibility, etc Julio F. Mercado, Ralston Joel G. Jover and Minerva G. Fernandez.
264 ## - PUBLICATION, DISTRIBUTION, ETC. (IMPRINT)
Place of publication, distribution, etc Pasig City :
Name of publisher, distributor, etc Anvil Publishing, Incorporated,
Date of publication, distribution, etc ©2010.
300 ## - PHYSICAL DESCRIPTION
Extent xxxiv, 258 pages :
Other physical details illustrations ;
Dimensions 25 cm.
336 ## - CONTENT TYPE
Content type term text
Content type code txt
Source rdacontent
337 ## - MEDIA TYPE
Media type term unmediated
Media type code n
Source rdamedia
338 ## - CARRIER TYPE
Carrier type term volume
Carrier type code nc
Source rdacarrier
650 ## - SUBJECT ADDED ENTRY--TOPICAL TERM
Topical term or geographic name as entry element Literature -- History and criticism.
700 ## - ADDED ENTRY--PERSONAL NAME
Personal name Jover, Ralston Joel G.,
Relator term author.
700 ## - ADDED ENTRY--PERSONAL NAME
Personal name Fernandez, Minerva G.,
Relator term author.
942 ## - ADDED ENTRY ELEMENTS (KOHA)
Source of classification or shelving scheme Library of Congress Classification
Koha item type Filipiniana
Holdings
Withdrawn status Lost status Source of classification or shelving scheme Damaged status Not for loan Collection code Home library Current library Shelving location Date acquired Source of acquisition Total Checkouts Full call number Barcode Date last seen Copy number Price effective from Koha item type
    Library of Congress Classification     Non-fiction Taytay College Library Taytay College Library New Materials Shelf 09/25/2018 Donation   PN524.T7 M533 2010 URSTAY-3914 06/03/2025 1 01/08/2019 Filipiniana

University of Rizal System
Email us at univlibservices@urs.edu.ph

Visit our Website www.urs.edu.ph/library